000 00573nam a2200181Ia 4500
003 GCL
008 140319s9999 xx 000 0 eng d
040 _aGCL /
_cGCL
082 0 4 _a363.96
_bM N
100 1 _aMINISTRY OF POPULATION AND FAMILY WELFAR
245 1 0 _aTHE NATIONAL POPULATION STRATEGY 1992 - 2007 /
_cMINISTRY OF POPULATION AND FAMILY WELFAR
260 _a[S.N] :
_bMINISTRY OF POPULATION AND FAMILY WELFAR ،
_c1991
650 0 4 _aPOPULATION
650 0 4 _aHUMAN POPULATION
650 0 4 _aPOPULATION GROWTH
650 0 4 _aEGYPT - POPULATION
942 _2ddc
_cBK
999 _c16166
_d16166